Literature Review of Scientific Knowledge on Wine Tourism

Cieľom tohto článku je poskytnúť literárny prehľad vedeckých poznatkov zaoberajúcich sa vinárskou turistikou. Na vytvorenie tohto prehľadu sme použili bibliometrickú analýzu aplikovanú na 817 štúdií o vínnej turistike publikovaných v databáze Web of Science. Pri analýze týchto štúdií sme sa zamerali...

Full description

Saved in:
Bibliographic Details
Main Author: Pospíšilová, Vanesa, 1998-
Format: Book Chapter
Language:English
Subjects:
Tags: Add Tag
No Tags, Be the first to tag this record!

MARC

LEADER 00000naa a2200000 4500
001 0305357
005 20241128152417.3
041 0 |a eng 
044 |a SK 
245 1 0 |a Literature Review of Scientific Knowledge on Wine Tourism  |c Vanesa Pospíšilová 
520 |a Cieľom tohto článku je poskytnúť literárny prehľad vedeckých poznatkov zaoberajúcich sa vinárskou turistikou. Na vytvorenie tohto prehľadu sme použili bibliometrickú analýzu aplikovanú na 817 štúdií o vínnej turistike publikovaných v databáze Web of Science. Pri analýze týchto štúdií sme sa zamerali na autorov, typy dokumentov, roky vydania, krajiny pôvodu, inštitúcie a vydavateľov. Článok poskytuje prehľad publikácií vydaných v rokoch 2000 až 2024, pričom najvyšší počet vedeckých štúdií bol publikovaný v roku 2019. Španielsko a Austrália patria medzi popredné krajiny z hľadiska publikácií o vínnej turistike. Literatúra môže poslúžiť akademickým výskumníkom študujúcim vinársky turizmus, ako aj študentom, vinárom a podnikateľom v cestovnom ruchu, vinárskym organizáciám či širokej verejnosti. 
610 2 0 |a vinohradníctvo 
610 2 0 |a ruch cestovný 
610 2 0 |a vinárne 
610 2 0 |a víno 
100 1 |a Pospíšilová, Vanesa, 1998-